New species of landshells from Panama Canal Zone.

Bibliographic Details
Corporate Author: Smithsonian Institution. Office of the Secretary
Other Authors: Dall, William Healey, 1845-1927
Format: Government Document eBook
Language:English
Published: Washington, D.C. : [publisher not identified], 1912.
Series:Smithsonian Instn. Pub. No. 2134
Smithsonian Misc. Collections, Vol. 59, Art. 18
Subjects:
Online Access:Connect to the full text of this electronic document

MARC

Tag First Indicator Second Indicator Subfields
LEADER 00000cam a22000001a 4500
001 in00003669621
005 20190408173448.0
006 m o d f
007 cr bn mmmapmmp
008 030605s1912 dcu o f000 0 eng d
035 |a ebd191000121 
040 |a UMI  |c UMI  |d UtOrBLW 
086 0 |a SI 1.7:v.59/[art.18] 
099 |a SI1.7-59.18 
245 0 0 |a New species of landshells from Panama Canal Zone. 
264 1 |a Washington, D.C. :  |b [publisher not identified],  |c 1912. 
300 |a 1 online resource (3 pages) 
336 |a text  |b txt  |2 rdacontent 
337 |a computer  |b c  |2 rdamedia 
338 |a online resource  |b cr  |2 rdacarrier 
490 0 |a Smithsonian Instn. Pub. No. 2134 
490 0 |a Smithsonian Misc. Collections, Vol. 59, Art. 18 
500 |a [On characteristics, with some data] 
500 |a Record is based on bibliographic data in ProQuest U.S. Executive Branch Documents, 1910-1932. Reuse except for individual research requires license from ProQuest, LLC. 
533 |a Electronic reproduction.  |b [Bethesda, Md.] :  |c ProQuest,  |d 2012.  |e digital, PDF file.  |n ProQuest U.S. Executive Branch Documents, 1910-1932.  |n Mode of access: World Wide Web via ProQuest website. 
538 |a System requirements: PDF reader software. 
500 |a Electronic resource. 
650 0 |a Shells.  |0 http://id.loc.gov/authorities/subjects/sh85121304 
655 7 |a Electronic books.  |2 local 
700 1 |a Dall, William Healey,  |d 1845-1927.  |0 http://id.loc.gov/authorities/names/n50036506 
710 2 |a Smithsonian Institution.  |b Office of the Secretary.  |0 http://id.loc.gov/authorities/names/no2001090455 
776 1 8 |i Microfiche version:  |t New species of landshells from Panama Canal Zone  |d [Bethesda, Md.] : ProQuest,[2012]  |o CIS US Exec MF SI1.7-59.18  |w (ProQuest)cis19110271 
856 4 0 |u http://proxy.library.tamu.edu/login?url=http://congressional.proquest.com/congressional/docview/t66.d71.si1.7-59.18  |z Connect to the full text of this electronic document  |t 0 
999 f f |s cd592523-e309-3fa8-8afd-7c72f417acb8  |i 54ab59f3-8c76-3775-ad38-8de2fb379331  |t 0 
952 f f |a Texas A&M University  |b College Station  |c Electronic Resources  |d Available Online  |t 0  |h No information provided 
998 f f |t 0  |l Available Online